France : Grades de l'Infanterie - Statistiques

Statistiques générales
  • Ce quiz a été pris 71 fois
  • Le résultat moyen est 11 sur 18
Statistiques - réponses
Par images Réponse % Correct
{Lieutenant}
87%
{Caporal}
83%
{Sergent}
83%
{Adjudant}
82%
{Colonel}
80%
{Capitaine}
77%
{Sergent-chef}
75%
{Sergent-chef} BM2
75%
{Caporal-chef}
72%
{Adjudant-chef}
70%
{Commandant}
67%
{Lieutenant-colonel}
67%
{Major}
65%
{Sous-lieutenant}
53%
{Aspirant}
48%
{Caporal-chef de 1ère classe}
10%
{Soldat de 1ère} classe
10%
{Soldat de 2e} classe
7%
Aucun quiz correspondant
Distribution des résultats
% des personnes avec chaque résultat
Percentile par nombre de réponses
Votre historique - résultats
Vous n’avez pas pris ce quiz